LEADER 01450nam a2200313 u 4500 001 000000006672 003 CaOOAMICUS 005 20150924112038.0 008 940514s1990 it u000 u ita u 020 $a8823780055 035 $a10173376 040 $aPUL(R)$bita 041 0 $aita$agrc 100 1 $aDeiana, Giovanni.$0(OLS)http://pul/name/1248 245 10$aGuida allo studio dell'Ebraico biblico /$cGiovanni Deiana, Ambrogio Spreafico ; presentazione di Jan Alberto Soggin. 260 $aRoma :$bLibreria Sacre Scritture,$c1990. 300 $a206 p.$c24 cm 630 04$aBiblia.$pN.T.$xLingua e stile.$0(OLS)http://pul/subject/5669 700 1 $aSpreafico, Ambrogio.$0(OLS)http://pul/name/6781 850 $aPUL 852 $aPUL$W1$xDP1 Cons. Gen., Altre Classi 1$y22$m437 D 39$j9444$nBK-PRI$b $qStampati$B9444$CPULBib$Z2$F9444 $H $81 852 $aPUL$W1$xDP1 Fondo Gelio$y54$m1 A 11$j9445$nBK-PRI$b $qFondi$B9445$CPULBib$Z2$F9445 $HPUL0004 $81 852 $aPUL$W1$xDP1 Fondo S. Lanza$y121$m5 A 3$j158161$qFondi$B169645$CPULBib$Z2$F169645 $HLAN1653 $82 941 1 $a8 941 1 $a1 961 $aINV: 64542 996 $6020$a8823780055$9(OLS)http://pul/number/8619 996 $6245$aGuida allo studio dell'Ebraico biblico$9(OLS)http://pul/title/9804 996 $6260$aRoma :$bLibreria Sacre Scritture$9(OLS)http://pul/publisher/49195 LEADER 01257nam a2200277 a 4500 001 000000157136 003 CaOOAMICUS 005 20161205153557.0 008 161205s1987 it u000 u lat r 032 $aLibriCat 040 $aPUL$bita 100 1 $aDegórski, Bazyli,$cO.S.P.P.E.$0(OLS)http://pul/name/57509 245 10$aEdizione critica della Vita sancti Pauli primi eremitae di Girolamo / $cRemigiusz Degòrski . 260 $aRoma :$b[s.n.],$c1987. 300 $a79 p. ;$c24 cm. 502 $aEstratto da Tesi -- Institutum Patristicum Augustinianum. Pontificia Universitas Lateranensis. 1987. 504 $aBibliografia in nota a piè pagina. 600 04$aHieronymus,$cs.,$d342/347-419.$0(OLS)http://pul/subject/3532 710 2 $aIstituto patristico Augustinianum.$kTesi.$0(OLS)http://pul/name/82132 850 $aPUL 852 $aPUL$W1$xDP1 Tesi Ist. Augustinianum$y31$mTH AUG 18$j180422$qTesi$B183546$CPULBib$Z2$F183546 $H58662 $82 941 1 $a16 960 $aGirolamo,$cs.,$d342/347-419$93532 996 $6245$aEdizione critica della Vita sancti Pauli primi eremitae di Girolamo / $9(OLS)http://pul/title/196740 996 $6260$aRoma :$b[s.n.]$9(OLS)http://pul/publisher/47958